Analýza výdavkov domácností v SR bakalárska práca

Gespeichert in:
Bibliographische Detailangaben
1. Verfasser: Kollár, Andrej
Körperschaft: Fakulta hospodárskej informatiky EU. Katedra štatistiky
Weitere Verfasser: Sušienková, Katarína, 1967-
Format: Buch
Sprache:Slowakisch
Veröffentlicht: Bratislava 2017
Tags: Tag hinzufügen
Keine Tags, Fügen Sie das erste Tag hinzu!

MARC

LEADER 00000nbm a2200000 4500
001 0233151
005 20171107131819.6
041 0 |a slo 
044 |a SK 
245 1 0 |a Analýza výdavkov domácností v SR  |b bakalárska práca  |c Andrej Kollár ; školiteľ: Katarína Sušienková 
264 1 |a Bratislava  |c 2017 
300 |a 48 s. 
100 1 |a Kollár, Andrej 
700 1 |a Sušienková, Katarína, 1967- 
710 2 |a Fakulta hospodárskej informatiky EU. Katedra štatistiky